National Population Leaders' Conference : (Record no. 146)
[ view plain ]
| 000 -LEADER | |
|---|---|
| fixed length control field | 01202cam a2200301 a 4500 |
| 001 - CONTROL NUMBER | |
| control field | 17464531 |
| 003 - CONTROL NUMBER IDENTIFIER | |
| control field | OSt |
| 005 - DATE AND TIME OF LATEST TRANSACTION | |
| control field | 20230602134431.0 |
| 008 - FIXED-LENGTH DATA ELEMENTS--GENERAL INFORMATION | |
| fixed length control field | 120915s2011 ke a f100 0 eng |
| 010 ## - LIBRARY OF CONGRESS CONTROL NUMBER | |
| LC control number | 2012311852 |
| 040 ## - CATALOGING SOURCE | |
| Original cataloging agency | DLC |
| Transcribing agency | DLC |
| 042 ## - AUTHENTICATION CODE | |
| Authentication code | lcode |
| -- | pcc |
| 043 ## - GEOGRAPHIC AREA CODE | |
| Geographic area code | f-ke--- |
| 050 00 - LIBRARY OF CONGRESS CALL NUMBER | |
| Classification number | HB3662.5.A3 |
| Item number | N37 2010 |
| 111 2# - MAIN ENTRY--MEETING NAME | |
| Meeting name or jurisdiction name as entry element | National Leaders' Population Conference |
| Number of part/section/meeting | (2nd : |
| Date of meeting | 2010 : |
| Location of meeting | Nairobi, Kenya) |
| 245 10 - TITLE STATEMENT | |
| Title | National Population Leaders' Conference : |
| Remainder of title | KICC, Nairobi, Kenya,15-17 November, 2010 : final report. |
| 246 30 - VARYING FORM OF TITLE | |
| Title proper/short title | Final report |
| 246 17 - VARYING FORM OF TITLE | |
| Title proper/short title | Report of the National Leaders' Conference on Population and Development |
| 260 ## - PUBLICATION, DISTRIBUTION, ETC. (IMPRINT) | |
| Place of publication, distribution, etc. | Nairobi, Kenya : |
| Name of publisher, distributor, etc. | National Coordinating Agency for Population and Development, |
| Date of publication, distribution, etc. | c2011. |
| 300 ## - PHYSICAL DESCRIPTION | |
| Extent | 84 p. : |
| Other physical details | col. ill. ; |
| Dimensions | 30 cm. |
| 500 ## - GENERAL NOTE | |
| General note | Cover title. |
| 651 #0 - SUBJECT ADDED ENTRY--GEOGRAPHIC NAME | |
| Geographic name | Kenya |
| General subdivision | Population policy |
| Form subdivision | Congresses. |
| 651 #0 - SUBJECT ADDED ENTRY--GEOGRAPHIC NAME | |
| Geographic name | Kenya |
| General subdivision | Population |
| Form subdivision | Congresses. |
| 710 1# - ADDED ENTRY--CORPORATE NAME | |
| Corporate name or jurisdiction name as entry element | Kenya. |
| Subordinate unit | National Coordinating Agency for Population and Development. |
| 906 ## - LOCAL DATA ELEMENT F, LDF (RLIN) | |
| a | 7 |
| b | cbc |
| c | origode |
| d | 3 |
| e | ncip |
| f | 20 |
| g | y-gencatlg |
| 942 ## - ADDED ENTRY ELEMENTS (KOHA) | |
| Source of classification or shelving scheme | Dewey Decimal Classification |
| Koha item type | Books |
| Withdrawn status | Lost status | Source of classification or shelving scheme | Damaged status | Not for loan | Home library | Current library | Date acquired | Total Checkouts | Full call number | Barcode | Date last seen | Price effective from | Koha item type | Checked out |
|---|---|---|---|---|---|---|---|---|---|---|---|---|---|---|
| Dewey Decimal Classification | Bunge Tower Library | Bunge Tower Library | 06/02/2023 | 304.66762 KEN | 1001567 | 06/02/2023 | 06/02/2023 | Books | ||||||
| Dewey Decimal Classification | Bunge Tower Library | Bunge Tower Library | 06/02/2023 | 304.66762 KEN | 10015698 | 06/02/2023 | 06/02/2023 | Books | ||||||
| Dewey Decimal Classification | Bunge Tower Library | Bunge Tower Library | 06/02/2023 | 304.66762 KEN | 10015695 | 06/02/2023 | 06/02/2023 | Books | ||||||
| Dewey Decimal Classification | Bunge Tower Library | Bunge Tower Library | 06/02/2023 | 304.66762 KEN | 10015700 | 06/02/2023 | 06/02/2023 | Books | ||||||
| Dewey Decimal Classification | Bunge Tower Library | Bunge Tower Library | 06/02/2023 | 304.66762 KEN | 10015696 | 06/02/2023 | 06/02/2023 | Books | 04/12/2022 | |||||
| Dewey Decimal Classification | Bunge Tower Library | Bunge Tower Library | 06/02/2023 | 304.66762 KEN | 10015699 | 06/02/2023 | 06/02/2023 | Books |
